Differential and difference equations

Shranjeno v:
Bibliografske podrobnosti
Glavni avtor: Brand, Louis, 1885-
Format: Knjiga
Jezik:English
Izdano: New York, Wiley [1966]
Teme:
Oznake: Označite
Brez oznak, prvi označite!

MARC

LEADER 00000nam a2200000Ia 4500
003 L000700
005 20221231143952.0
008 140114s1966 nyua 000 ||eng d
040 |c cru CEDI 
082 |a 517.38 B817d 
100 |a Brand, Louis, 1885-  |9 20713 
245 |a Differential and difference equations 
260 |a New York, Wiley  |c  [1966] 
300 |a  xvi, 698 páginas ilustraciones. 24 cm. 
650 |x ECUACIONES DIFERENCIALES  |9 20714 
942 |2 ddc  |c BK 
999 |c 14962  |d 14962